000 00565nam a2200181 i 4500
001 bg
100 1 _aDOROSZ, Stanisław
245 0 _aIteracyjna metoda określania ugięć ram sprężysto-plastycznych /
_cS. Dorosz, J.A. König.
260 _aWarszawa,
_c1983.
490 1 _aPrace Instytutu Podstawowych Problemów Techniki PAN ;
_v46
700 1 _aKONIG, Jan A.
830 _aPrace Instytutu Podstawowych Problemów Techniki PAN ;
040 _cBPK
041 _apol
080 _a624:539.3/.6
942 _cKS
008 s pl f |000 0 pol
999 _c22380
_d22380
856 _uhttp://koha.tu.koszalin.pl/cgi-bin/koha/opac-detail.pl?biblionumber=22380
_yKatalog online BPK